000 00624cam a2200145 4500500
005 20251228093407.0
041 _afre
042 _adc
100 1 0 _aLecerf, Anna
_eauthor
245 0 0 _aDouglas SMITH, ed. et trad. Love and conquest Personal correspondence of Catherine the Great and Prince Grigory Potemkin DeKalb, IL, Northern Illinois University Press, 2004, liv + 421 p.
260 _c2004.
500 _a66
786 0 _nCahiers du monde russe | Vol 45 | 3 | 2004-11-01 | p. 613j-658j | 1252-6576
856 4 1 _uhttps://shs.cairn.info/revue-cahiers-du-monde-russe-2004-3-page-613j?lang=fr&redirect-ssocas=7080
999 _c1604279
_d1604279